Open Data Biblioteca Nacional de Portugal


República Portuguesa: Ministério da Cultura
Biblioteca Nacional de Portugal

Catálogo da BNP: acesso por Identificadores Unívocos
Registos Bibliográficos associados ao registo de autoridade

Etiqueta de registo: 00501nam 22001691i 450
001 1267623
003 http://id.bnportugal.gov.pt/bib/catbnp/1267623
100 ## $a20020801d1876 m y0pory0103 ba
101 0# $afre
102 ## $aFR
200 1# $a Le chrétien éclairé sur la nature et l'usage des indulgences$fpar le P. A. Maurel...
205 ## $aDix-huitième édition
210 #9 $aLyon$cH. Pêlagaud,$d1876
215 ## $aXVIII, 492 p.$d18 cm
317 ## $aPert. na f. de rosto: "Bibliotheca do Collegio do Barro" (carimbo)$5PTBN: R. 1772 P.
700 #1 $aMaurel,$bAntonin,$f1803-1874,$cS.J.$31212829
712 02 $aCompanhia de Jesus.$bColégio do Barro$c(Torres Vedras)$4390$3721602
801 #0 $aPT$bBN
801 #1 $aFR$bJOUVE
856 40 $2Cópia digital disponível em Google Books$uhttps://www.google.pt/books/edition/Le_chr%C3%A9tien_%C3%A9clair%C3%A9_sur_la_nature_et/Kl7Ol9cx2-gC?hl=pt-PT&gbpv=1&pg=PR3&printsec=frontcover
966 ## $lBN$mFGMON$sR. 34978 P.$x0
966 ## $lBN$mFGMON$sR. 1772 P.
997 ## $aBIBEOD

OpendataBNP@bnportugal.pt | Mais informação sobre acesso aos dados BNP